| 000 | 00801cam a2200289 a 4500 | ||
|---|---|---|---|
| 005 | 20260322212043.0 | ||
| 008 | data | ||
| 010 | _a 82022478 | ||
| 020 | _a0937858277 | ||
| 020 | _a093785820X (pbk.) | ||
| 020 | _a9780937858202 (pbk.) | ||
| 020 | _a9780937858271 | ||
| 040 |
_aDLC _cDLC _dDLC |
||
| 050 | 0 | 0 |
_aDS481.G3 _bG584 1983 |
| 082 | 0 | 0 |
_aB _aB _219 |
| 100 | 1 | _aGold, Gerald. | |
| 245 | 1 | 0 |
_aGandhi, a pictorial biography / _cGerald Gold & Richard Attenborough. |
| 250 | _a1st ed. | ||
| 260 |
_aNew York : _bNewmarket Press, _cc1983. |
||
| 300 |
_a192 p. : _bill. ; _c24 cm. |
||
| 500 | _aIncludes index. | ||
| 504 | _aBibliography: p. 187-188. | ||
| 600 | 1 | 0 |
_aGandhi, _cMahatma, _d1869-1948. |
| 650 | 0 |
_aStatesmen _zIndia _xBiography. |
|
| 700 | 1 | _aAttenborough, Richard. | |
| 001 | data | ||
| 999 |
_c1008 _d1008 |
||